Dlouhý, Široký a Bystrozraký /

Hlavní autor: Kondelík, Zdeněk, 1928-
Jazyk: Čeština
Vydáno: Praha : Orbis, 1972
Fyzický popis: 1 nestránkovaný sv.
Knihy
Uloženo v:
LEADER 00635nam a2200205 a 4500
001 000607445
003 CZ BrMZK
005 20020621111218.0
007 ta
008 020621s1972 xr f cze d
040 |a BOA001  |b cze  |c BOA001 
100 1 |a Kondelík, Zdeněk,  |d 1928-  |7 jx20041015029  |4 aut 
245 1 0 |a Dlouhý, Široký a Bystrozraký /  |c Zdeněk Kondelík 
260 |a Praha :  |b Orbis,  |c 1972 
300 |a 1 nestránkovaný sv. 
500 |a Prostorová knížka 
500 |a Leporelo 
910 |a BOA001  |b 1-0690.475 
990 |a BK 
996 6 |b 2619524667  |c 1-0690.475  |l MZK  |r Sklad / do 1 hodiny  |n 0  |w 000607445  |u 000010  |a 1  |e BOA001  |j MZK50  |s P